| 000 | 00430nam a2200157Ia 4500 | ||
|---|---|---|---|
| 008 | 181130s2018 xx 000 0 und d | ||
| 100 | _aSingh, Mahesh Kumar | ||
| 245 | _aPrashasan aur lokkalyan ki sankalpna | ||
| 260 | _c2018 | ||
| 300 | _ap.88-93. | ||
| 504 | _dJan-Jun | ||
| 650 | _aPublic administration - India | ||
| 650 | _aSocial welfare - India | ||
| 773 | _aLok Prashasan | ||
| 906 | _aPublic administration - India | ||
| 999 |
_c506853 _d506853 |
||